Statistics for The Allen Iverson Quiz

Click here to take the quiz!

General Stats

  • This quiz has been taken 9 times
  • The average score is 13 of 15

Answer Stats

QuestionAnswer% Correct
With what overall pick was he drafted by the Philadelphia 76ers?1st
100%
How many times did he win All-Star MVP?2
100%
In what season did he reach the NBA Finals for the only time in his career?2000/2001
100%
What signature hairstyle was Iverson known for?Cornrows
100%
For what college team did Iverson play?Georgetown Hoyas
100%
What notorious signature move was Allen Iverson known for?Killer-Crossover
100%
How many All-Star Games did Allen Iverson play in?11
88%
What was Allen Iversons former jersey number,now retired by the Philadelphia 76ers?3
88%
AI was drafted in the first round of what NBA Draft Class?1996
75%
In wich season did he win his only NBA Regular Season MVP?2000/2001
75%
How many All-NBA Teams did Allen Iverson make?7
75%
To what NBA Franchise did he get traded to in 2006?Denver Nuggets
75%
Over which Laker did he step after hitting him with his signature move and drilling a midrange jumper in the 2000/01 NBA Finals?Tyronn Lue
75%
How many points per game did he average throughout his career?26.7
63%
How many years did he play in the NBA?14
38%

Score Distribution

Percentile by Number Answered

Percent of People with Each Score

Your Score History

You have not taken this quiz